000 007160000a22002290004500
020 _a84-8164-685-7
082 0 4 _aG 232.906 S2151je
100 1 _aSanders, E. P.
245 1 0 _aJesús y el judaísmo / E.P. Sanders ; traducido por José Pérez Escobar
260 _aMadrid : Trotta
300 _a542 p.
440 0 _aCol. Escrituras y procesos
500 _aTítulo original en inglés: Jesus and judaism
501 _aRústico
505 0 0 _aLa restauración de Israel -- El reino -- La ley -- La muerte de Jesús --
650 1 4 _aJesucristo - Judaísmo
001 18542
942 _cBK
999 _c44961
_d44961
336 _atexto
_btxt
_2rdacontent
337 _2rdamedia
_asin mediación
_bn
338 _2rdacarrier
_avolumen
_bnc